1850 1402 1909 1477 1829 1890 1130 1300 1487 1410 1104 1597 1980 1630 1616 1428 1908 1287 1066 1370 1840 1517 1196 1780 1088 1430 1633 1188 1396 1608 1274 1478 1867 1999 1529 1829 1629 1338 1162 1507 1308 1442 1965 1552 1448 1373 1197 1904 1617 1998 1270 1514 1170 1724 1971 1583 1167 1218 1655 1493 1932 1825 1717 1193 1631 1479 1016 1800 1845 1519 1754 1093 1126 1053 1082 1884 1411 1143 1437 1461 1526 1969 1933 1729 1292 1593 1350 1967 1997 1258 1566 1093 1851 1105 1572 1355 1507 1641 1092 BCNSPRNW ULIB Ver.6.0+V

เปลี่ยนเป็นภาษาไทย

Change to English
 แสดงรายละเอียดบรรณานุกรม
  กลับหน้าหลัก

Brief Record : Get Marc (ISO 2709) : E-mail record : QR code < ปิดหน้าต่าง
LEADER : 00000nam 2200000uu 4500
001    13399127420
003     ULIB
008    200520s2562||||th 000 0 tha d
020    ู^a9786160038213
050  0 ^aนว^bม576ว
100    ^aมิณรญา
245    ^aวรรัก
250    ^aพิมพ์ครั้งที่ 1
260    ^aกรุงเทพฯ :^bพิมพ์คำ,^c2562
300    ^a448 หน้า;^b21 ซม.
650    ^aนวนิยาย
945    ^p310^l0^i007094
999    ^aประนอม เกษจรัล
รายการนี้ยังไม่มีแท็ก
คุณยังไม่ได้ล็อกอิน คุณสามารถมีกิจกรรมร่วมกับเว็บไซต์ได้ แต่ต้องล็อกอินก่อน ::
  ล็อกอิน

รายการสื่อสารสนเทศ

ลำดับที่ ประเภท เลขเรียก/บาร์โค้ด สถานที่ สถานะ
1. นวนิยาย
นวนิยาย
นว ม576ว ฉ.1 
  Barcode: 007094
ห้องสมุดวิทยาเขตสวรรค์ประชารักษ์
►หนังสือทั่วไป
บนชั้น

รายการใกล้เคียง
    ชื่อเรื่อง [วรรัก]

    ผู้แต่ง [มิณรญา]

    หัวเรื่อง [นวนิยาย]

BibComment


ยังไม่เคยถูกคอมเมนท์

คอมเมนท์ทรัพยากรรายการนี้
  คอมเมนท์: วรรัก


 Copyright 2026. Bcnsprnw @Library